Footprint focus Honduras.
| Main Author: | |
|---|---|
| Format: | Book |
| Published: |
Bath, UK:
Footprint,
2011.
|
| Subjects: |
| LEADER | 00423cam a2200157 7i4500 | ||
|---|---|---|---|
| 001 | 0000029149 | ||
| 005 | 20130926090000.0 | ||
| 020 | 0 | 0 | |a 9781908206435 |
| 090 | 0 | 0 | |a HOND 910.202 |b ARG |
| 100 | 1 | 0 | |a Arghiris |
| 245 | 1 | 0 | |a Footprint focus Honduras. |
| 260 | 0 | 0 | |a Bath, UK: |b Footprint, |c 2011. |
| 300 | # | # | |a 127 p. |
| 650 | 0 | 0 | |a Honduras -- |x Guidebooks |
| 651 | 0 | 0 | |a Honduras |
| 999 | |a B000032586 |b Book |c Countries |e Business Information Centre | ||


